Statistics for Average African Countries

Click here to take the quiz!

General Stats

  • This quiz has been taken 30 times
  • The average score is 21 of 24

Answer Stats

Area rankingPopulation rankingAnswer% Correct
3213Ghana
97%
3621Malawi
97%
2919Burkina Faso
93%
2038Central African Republic
93%
1827South Sudan
93%
3734Eritrea
93%
1722Zambia
90%
2511Morocco
90%
3130Guinea
90%
4035Sierra Leone
90%
3424Senegal
90%
1541Namibia
90%
1612Mozambique
90%
4133Togo
87%
1923Somalia
87%
3831Benin
87%
2417Cameroon
87%
2815Ivory Coast
87%
2242Botswana
83%
2737Republic of the Congo
83%
1140Mauritania
80%
3939Liberia
80%
2116Madagascar
80%
4444Equatorial Guinea
67%

Score Distribution

Percentile by Number Answered

Percent of People with Each Score

Your Score History

You have not taken this quiz